| 000 | 01246nam a22002417a 4500 | ||
|---|---|---|---|
| 003 | OSt | ||
| 005 | 20260127155929.0 | ||
| 008 | 230308b ||||| |||| 00| 0 eng d | ||
| 040 | _cSSBUL | ||
| 041 | _ashan | ||
| 082 |
_a959.116 _223 _bပိုၼ်း |
||
| 245 |
_aပိုၼ်းဝဵင်းၼွင်ၶဵဝ်လႄႈပိုၼ်းၸဝ်ႈသြႃႇဝၸယႃႇၼၼ်ႇတ (ၸဝ်ႈဢၼ်ႁဵတ်ႈပၼ်လိၵ်ႈတႆးပၢၼ်မႂ်ႇ) / _cၸဝ်ႈသြႃႇၼၼ်ႉတထၸ၊ ၸဝ်ႈၶူးဝေပုလ်လ ၵဵပ်ႈႁွမ်- |
||
| 260 | _c2018 | ||
| 300 |
_aA၊ (9) 43ၼႃႈ၊ _bပႃးၶႅပ်းႁၢင်ႈ၊ _c21 ၸိၼ်ႇထီႇ |
||
| 500 | _aပႃးပပ်ႉၸဝ်ႈတႃႇၼႁင်းၶေႃ တွၵ်ႉတိူဝ်ႇၸၢႆးဢွင်ႇထုၼ်းသၢမ်ပပ်ႉ၊ မၢႆ-2482၊ 2483 လႄႈ 2504 | ||
| 500 | _aS-SAT: Dr. Prof Sai Aung Tun | ||
| 650 |
_aပိုၼ်းဝဵင်းၼွင်ၶဵဝ် _921716 |
||
| 650 |
_aထေရုပ်ႉပတ်ႉတိ _920943 |
||
| 942 | _cBK | ||
| 942 | _2ddc | ||
| 942 | _2ddc | ||
| 942 | _2ddc | ||
| 999 |
_c22984 _d22984 |
||